Revista Luso-Brasileira de Direito do Consumo

Detalles Bibliográficos
Formato: Seriadas
Lenguaje:español
Publicado: [Brasil] : Bonijuris, 2011 -
Materias:
Acceso en línea:Acceso restringido

MARC

LEADER 00000nas a22000007a 4500
005 20110905112713.0
008 110905c2011 mx ar|||s|||| 00| b1spa d
035 |a 5644 
040 |a vLex 
090 |c 2366  |d 2366 
245 0 0 |a Revista Luso-Brasileira de Direito do Consumo  |h [Recurso electrn̤ico] 
256 |a Servicio en ln̕ea. 
260 |a [Brasil] :  |b Bonijuris,   |c 2011 - 
300 |a 1 recurso electrn̤ico 
310 |a Anual 
362 |a Nm︢. 1 (2011) - 
506 1 |a Contenido solo disponible en los productos indicados  |d vLex Global  |d vLex Global (Academic Edition, excluding Law Schools)  |d vLex Global (U.S. Academic Edition, Law Schools)  |d vLex Global (U.S. Academic Edition, excluding Law Schools)  |d vLex Global (Academic Edition, Law Schools) 
650 0 4 |a Derecho  |z Brasil 
740 0 |a vLex Revistas (Servicio en ln̕ea) 
856 4 0 |u http://vlex.com/source/revista-luso-brasileira-direito-consumo-5644  |z Acceso restringido 
942 |c REV